| 000 | 01218nam a22002177a 4500 | ||
|---|---|---|---|
| 999 |
_c60263 _d60263 |
||
| 003 | Ge_BSU | ||
| 005 | 20230623095802.0 | ||
| 008 | 230623s1969 ge ||||| |||| 00| 0 geo d | ||
| 041 | _ageo | ||
| 080 | _a737(479.22)(075.8) კ-24 | ||
| 100 |
_aკაპანაძე, დავით _918913 |
||
| 245 |
_aქართული ნუმიზმატიკა : _b [დამხმ. სახელმძღვ. სტუდენტებისათვის] / _cდავით კაპანაძე; რედ. შ. მესხია; მხატვ. გ. ნადირაძე |
||
| 264 |
_aთბილისი : _bთბილ. უნ-ტის გამ-ბა, _c1969. |
||
| 300 |
_a234 გვ. : _bილ. და ცხრილ. 10 ფ. ილ. ; _c26 სმ. |
||
| 504 | _aბიბლიოგრაფია: გვ. 177-182. | ||
| 520 | _aრეზუმე რუსულ და ინგლისურ ენებზე. | ||
| 653 | _aსაქართველოს ნუმიზმატიკა | ||
| 700 |
_aმესხია, შ. _eრედაქტორი. _93404 |
||
| 700 |
_aნადირაძე, გ. _eმხატვარი. _918914 |
||
| 942 |
_2udc _cBK |
||